Countries by Calling Code - Statistics

General Stats
  • This quiz has been taken 14 times
  • The average score is 13 of 25
Answer Stats
Calling Code (+...) Country % Correct
1 Canada
100%
1 USA
100%
86 China
82%
7 Russia
73%
7 Kazakhstan
64%
39 Italy
55%
81 Japan
55%
44 UK
55%
54 Argentina
45%
61 Australia
45%
55 Brazil
45%
20 Egypt
45%
33 France
45%
49 Germany
45%
91 India
45%
62 Indonesia
45%
52 Mexico
45%
48 Poland
45%
27 South Africa
45%
82 South Korea
45%
34 Spain
45%
234 Nigeria
36%
63 Philippines
36%
90 Turkey
36%
243 D.R.Congo
27%
No matching quizzes found
Score Distribution
Percent of People with Each Score
Percentile by Number Answered
Your Score History
You have not taken this quiz